[Event "Women's Speed Chess Q2"]
[Site "chess.com INT"]
[Date "2020.06.19"]
[Round "8"]
[White "Hejazipour, Mitra"]
[Black "Nandhidhaa, P V"]
[Result "1-0"]
[WhiteTitle "WGM"]
[BlackTitle "WGM"]
[WhiteElo "2300"]
[BlackElo "2365"]
[WhiteFideId "12505951"]
[BlackFideId "5050847"]
[EventDate "2020.06.19"]

1. Nf3 d5 2. d4 Nf6 3. c4 e6 4. g3 Bb4+ 5. Bd2 Be7 6. Bg2 Ne4 7. O-O c6 8. Nc3
f5 9. Ne5 Nd7 10. Nxd7 Bxd7 11. f3 Nxc3 12. Bxc3 dxc4 13. e4 O-O 14. b3 cxb3 15.
Qxb3 Qb6 16. Qc4 Qb5 17. Qb3 Qxb3 18. axb3 a6 19. b4 Rad8 20. Rfe1 Bf6 21. Bf1
Bc8 22. Rad1 Rfe8 23. Bc4 Kf8 24. Kg2 g6 25. h4 h5 26. g4 fxg4 27. fxg4 Bxh4 28.
Rf1+ Ke7 29. Rh1 g5 30. gxh5 Rf8 31. Rhf1 Rxf1 32. Rxf1 Rh8 33. Be2 Bd7 34. d5
Rh7 35. Bf6+ Ke8 36. d6 e5 37. h6 Rxh6 38. Be7 Bh3+ 39. Kxh3 g4+ 40. Kxg4 Bxe7
41. dxe7 Kxe7 42. Bc4 Rh2 43. Rf7+ Kd6 44. Rxb7 Rc2 45. Bxa6 Rb2 46. Kf5 Rf2+
47. Kg4 Rf4+ 48. Kg3 Rxe4 49. Rb8 Rd4 50. Be2 Rd2 51. Kf3 Rb2 52. Ke3 Kd5 53.
Bf3+ Kd6 54. Rb6 Ke7 55. Rxc6 Rxb4 56. Rc5 Rb3+ 57. Ke4 Kf6 58. Rc6+ Ke7 59. Bg4
Rb4+ 60. Kf5 Rf4+ 61. Kg5 Rf2 62. Re6+ Kd8 63. Rxe5 Kc7 64. Re6 Rf1 65. Bf5 Kb7
66. Kf6 Rd1 67. Ke5 Re1+ 68. Be4+ Kc7 69. Re7+ Kb6 70. Rb7+ Kc5 71. Rc7+ Kb6 72.
Rc8 Kb5 73. Kd5 Rd1+ 74. Ke5 Re1 75. Kd4 Rd1+ 76. Bd3+ Kb6 77. Rc2 Kb7 78. Ke4
Kb6 79. Kd4 Kb7 80. Rc5 Kb6 81. Re5 Kc6 82. Re6+ Kd7 83. Rh6 Ke7 84. Ke4 Re1+
85. Kd5 Rd1 86. Rh3 Kd7 87. Rh7+ Ke8 88. Ke4 Re1+ 89. Kf5 Rd1 90. Be4 Kd8 91.
Ke6 Re1 92. Ke5 Kc8 93. Rg7 Kd8 94. Kd5 Kc8 95. Bf5+ Kb8 96. Be6 Rd1+ 97. Kc6
Rc1+ 98. Kd6 Rd1+ 99. Bd5 Kc8 100. Rg8# 1-0

[Event "Women's Speed Chess Q2"]
[Site "chess.com INT"]
[Date "2020.06.19"]
[Round "9"]
[White "Ovezdurdiyeva, Jemal"]
[Black "Munkhzul, Davaakhuu"]
[Result "1-0"]
[WhiteTitle "WFM"]
[BlackTitle "WFM"]
[WhiteElo "2061"]
[BlackElo "1991"]
[WhiteFideId "14001888"]
[BlackFideId "4902815"]
[EventDate "2020.06.19"]

1. d4 d5 2. c4 e6 3. Nc3 a6 4. cxd5 exd5 5. Bf4 Nf6 6. e3 Be6 7. Bd3 Bd6 8. Nge2
Nbd7 9. O-O Qe7 10. f3 O-O 11. e4 Bxf4 12. Nxf4 dxe4 13. fxe4 Bg4 14. Qd2 c5 15.
e5 Nh5 16. Nfd5 Qh4 17. g3 Nxe5 18. gxh4 Nd7 19. Qg5 1-0

[Event "Women's Speed Chess Q2"]
[Site "chess.com INT"]
[Date "2020.06.19"]
[Round "9"]
[White "Efimenko, Maria"]
[Black "Li, Xueyi"]
[Result "0-1"]
[WhiteTitle "WIM"]
[BlackTitle "WGM"]
[WhiteElo "2245"]
[BlackElo "2328"]
[WhiteFideId "14124327"]
[BlackFideId "8605912"]
[EventDate "2020.06.19"]

1. Nf3 d5 2. g3 c5 3. Bg2 Nc6 4. d3 Nf6 5. O-O e5 6. Nbd2 Be7 7. e4 O-O 8. exd5
Nxd5 9. Re1 f6 10. Ne4 b6 11. c3 Bb7 12. Nh4 f5 13. Nd2 Bxh4 14. gxh4 Nf4 15.
Qf3 Na5 0-1

[Event "Women's Speed Chess Q2"]
[Site "chess.com INT"]
[Date "2020.06.19"]
[Round "9"]
[White "Stefanova, Antoaneta"]
[Black "Kovanova, Baira"]
[Result "1-0"]
[WhiteTitle "GM"]
[BlackTitle "WGM"]
[WhiteElo "2462"]
[BlackElo "2343"]
[WhiteFideId "2902257"]
[BlackFideId "4164083"]
[EventDate "2020.06.19"]

1. d4 Nf6 2. Nf3 e6 3. e3 b6 4. Bd3 Be7 5. O-O Bb7 6. c4 O-O 7. Nc3 d5 8. cxd5
Nxd5 9. e4 Nxc3 10. bxc3 c5 11. Be3 cxd4 12. cxd4 Nc6 13. Rc1 h6 14. Bb1 f5 15.
Qb3 fxe4 16. Qxe6+ Kh8 17. Qxe4 1-0

[Event "Women's Speed Chess Q2"]
[Site "chess.com INT"]
[Date "2020.06.19"]
[Round "9"]
[White "Chumpitaz, Ann"]
[Black "Filippova, Margarita"]
[Result "0-1"]
[WhiteTitle "WIM"]
[BlackTitle "WFM"]
[WhiteElo "2244"]
[BlackElo "1931"]
[WhiteFideId "3804178"]
[BlackFideId "34199680"]
[EventDate "2020.06.19"]

1. e4 Nf6 2. e5 Nd5 3. c4 Nb6 4. d4 d6 5. exd6 cxd6 6. Nc3 g6 7. Bd3 Bg7 8. Nge2
O-O 9. O-O e5 10. dxe5 dxe5 11. Be3 Be6 12. Qb3 Qxd3 13. Bxb6 axb6 14. Qxb6 Qxc4
15. Qxb7 Nc6 16. Qb5 Nd4 17. Qxc4 Bxc4 18. Rfe1 Nc2 0-1

[Event "Women's Speed Chess Q2"]
[Site "chess.com INT"]
[Date "2020.06.19"]
[Round "9"]
[White "Gunina, Valentina"]
[Black "Miroshnik, Ekaterina"]
[Result "1-0"]
[WhiteTitle "GM"]
[BlackTitle "WFM"]
[WhiteElo "2431"]
[BlackElo "2139"]
[WhiteFideId "4167570"]
[BlackFideId "34127698"]
[EventDate "2020.06.19"]

1. e4 d6 2. Nf3 Nd7 3. d4 g6 4. Nc3 Bg7 5. Bd3 e6 6. O-O Ne7 7. h3 O-O 8. Bg5 b6
9. Qd2 Re8 10. Rfe1 Bb7 11. Rad1 d5 12. exd5 exd5 13. Qf4 f6 14. Bh6 Nf8 15.
Bxg7 Kxg7 16. Nb5 Rc8 17. Nxa7 Ra8 18. Nb5 Rc8 19. a4 Qd7 20. Re2 Ne6 21. Qg4
Nf8 22. Rde1 Kf7 23. Qf4 Bc6 24. Ne5+ 1-0

[Event "Women's Speed Chess Q2"]
[Site "chess.com INT"]
[Date "2020.06.19"]
[Round "9"]
[White "Skuhala, Barbara"]
[Black "Michelle Catherina, P"]
[Result "1-0"]
[WhiteTitle "WFM"]
[BlackTitle "WIM"]
[WhiteElo "2095"]
[BlackElo "2176"]
[WhiteFideId "14605465"]
[BlackFideId "5005736"]
[EventDate "2020.06.19"]

1. e4 e5 2. Nf3 Nc6 3. Bc4 Nf6 4. O-O Nxe4 5. Bd5 Nf6 6. Bxc6 dxc6 7. Nxe5 Bd6
8. d4 O-O 9. Nc3 h6 10. h3 Re8 11. Bf4 Bf5 12. Re1 Nd5 13. Nxd5 cxd5 14. Bh2 f6
15. Nf3 Rxe1+ 16. Nxe1 Bf8 17. c3 c6 18. Nf3 Qb6 19. Qb3 Qa6 20. Re1 Rd8 21. a3
Be4 22. Nd2 Bg6 23. Nf3 Bd3 24. Re3 Bf5 25. Re1 Bg6 26. Nh4 Be4 27. Rxe4 1-0

[Event "Women's Speed Chess Q2"]
[Site "chess.com INT"]
[Date "2020.06.19"]
[Round "9"]
[White "Anu, Bayar"]
[Black "Alboredo, Julia"]
[Result "0-1"]
[WhiteTitle "WFM"]
[BlackTitle "WFM"]
[WhiteElo "2102"]
[BlackElo "2182"]
[WhiteFideId "4901339"]
[BlackFideId "2124807"]
[EventDate "2020.06.19"]

1. d4 Nf6 2. c4 g6 3. Nc3 d5 4. Nf3 Bg7 5. Bg5 Ne4 6. cxd5 Nxg5 7. Nxg5 O-O 8.
h4 c6 9. dxc6 Nxc6 10. e3 Bf5 11. Bc4 e5 12. dxe5 Nxe5 13. Qxd8 Raxd8 14. Bd5
Nd3+ 15. Ke2 Bxc3 16. e4 Nf4+ 17. Kf3 Nxd5 18. bxc3 Nxc3 19. exf5 Rd3+ 20. Kf4
f6 21. Ne6 Rc8 22. Rh3 Rc4+ 23. Nd4 Rcxd4# 0-1

[Event "Women's Speed Chess Q2"]
[Site "chess.com INT"]
[Date "2020.06.19"]
[Round "9"]
[White "Gevorgyan, Maria"]
[Black "Paehtz, Elisabeth"]
[Result "1-0"]
[WhiteTitle "WGM"]
[BlackTitle "IM"]
[WhiteElo "2228"]
[BlackElo "2473"]
[WhiteFideId "13300270"]
[BlackFideId "4641833"]
[EventDate "2020.06.19"]

1. e4 g6 2. d4 Bg7 3. Nc3 d6 4. f4 a6 5. a4 b6 6. Nf3 Bb7 7. Bd3 e6 8. O-O Nd7
9. Kh1 c5 10. d5 Ne7 11. dxe6 fxe6 12. Ng5 Nf8 13. Bc4 Qd7 14. Qg4 d5 15. exd5
exd5 16. Qxd7+ Nxd7 17. Ba2 Bxc3 18. bxc3 Nf6 19. Re1 h6 20. Ne6 Kf7 21. a5 b5
22. Nxc5 Bc6 23. Nd3 Ng4 24. Ba3 Nf5 25. h3 Nge3 26. Ne5+ Kg7 27. Nxc6 Nxc2 28.
Bxd5 Nxa1 29. Rxa1 Rae8 30. c4 bxc4 31. Bb2+ Kh7 32. Bxh8 Kxh8 33. Bxc4 Rc8 34.
Ne5 g5 35. Be6 1-0

[Event "Women's Speed Chess Q2"]
[Site "chess.com INT"]
[Date "2020.06.19"]
[Round "9"]
[White "Solozhenkina, Elizaveta"]
[Black "Buksa, Nataliya"]
[Result "1/2-1/2"]
[WhiteTitle "WIM"]
[BlackTitle "IM"]
[WhiteElo "2301"]
[BlackElo "2410"]
[WhiteFideId "34106615"]
[BlackFideId "14123622"]
[EventDate "2020.06.19"]

1. e4 c5 2. Nf3 Nc6 3. d4 cxd4 4. Nxd4 e5 5. Nb5 d6 6. N1c3 a6 7. Na3 Be7 8. Nd5
Nf6 9. Nxf6+ Bxf6 10. Be2 O-O 11. O-O b5 12. c3 Be6 13. Nc2 d5 14. exd5 Bxd5 15.
Ne3 Be6 16. Bf3 Rc8 17. Nd5 Kh8 18. Nxf6 Qxf6 19. Re1 Rfd8 20. Qe2 Bc4 21. Qe3
Bd5 22. Bg4 Rb8 23. Qg3 b4 24. h4 bxc3 25. bxc3 h6 26. Ba3 Be6 27. Bf3 Bd5 28.
Bg4 Be6 29. Bf3 Bd5 30. Bg4 1/2-1/2

[Event "Women's Speed Chess Q2"]
[Site "chess.com INT"]
[Date "2020.06.19"]
[Round "9"]
[White "Demchenko, Svitlana"]
[Black "Kaya, Emel"]
[Result "0-1"]
[WhiteTitle "WIM"]
[BlackTitle "WCM"]
[WhiteElo "2071"]
[BlackElo "1912"]
[WhiteFideId "14149893"]
[BlackFideId "6306411"]
[EventDate "2020.06.19"]

1. e4 c5 2. Nf3 g6 3. d4 cxd4 4. Nxd4 Bg7 5. c4 Nc6 6. Be3 Nf6 7. Nc3 O-O 8. Be2
b6 9. O-O Bb7 10. f3 e6 11. Ndb5 d5 12. cxd5 exd5 13. exd5 Nb4 14. d6 Nfd5 15.
Nxd5 Nxd5 16. Bd4 Qg5 17. Bxg7 Ne3 18. g3 Nxd1 19. Bxf8 Qc5+ 20. Kh1 Nf2+ 21.
Kg2 Ng4 22. Rac1 Qh5 23. Rh1 Rxf8 24. h3 Ne3+ 25. Kf2 Qe5 26. Rhe1 Nf5 27. Rg1
Qe3+ 0-1

[Event "Women's Speed Chess Q2"]
[Site "chess.com INT"]
[Date "2020.06.19"]
[Round "9"]
[White "Mammadzada, Gunay"]
[Black "Paramzina, Anastasya"]
[Result "1-0"]
[WhiteTitle "IM"]
[BlackTitle "WGM"]
[WhiteElo "2443"]
[BlackElo "2209"]
[WhiteFideId "13403729"]
[BlackFideId "4165012"]
[EventDate "2020.06.19"]

1. e4 c5 2. Nf3 d6 3. d4 cxd4 4. Nxd4 Nf6 5. Nc3 a6 6. Be3 e6 7. f3 h5 8. Bc4
Qc7 9. Bb3 Nbd7 10. Qe2 Nc5 11. O-O-O Be7 12. Kb1 Bd7 13. Bg5 b5 14. Rhe1 Rb8
15. Nf5 exf5 16. exf5 Bc6 17. Bxf6 gxf6 18. Bd5 Rb7 19. Bxc6+ Qxc6 20. Nd5 Kd8
21. Nxe7 Qb6 22. Nd5 Qa5 23. Nxf6 1-0

[Event "Women's Speed Chess Q2"]
[Site "chess.com INT"]
[Date "2020.06.19"]
[Round "9"]
[White "Koridze, Lile"]
[Black "Tereladze, Sopiko"]
[Result "0-1"]
[WhiteTitle "WFM"]
[BlackTitle "WIM"]
[WhiteElo "1996"]
[BlackElo "2141"]
[WhiteFideId "13612514"]
[BlackFideId "13600486"]
[EventDate "2020.06.19"]

1. d4 Nf6 2. c4 e6 3. Nc3 Bb4 4. e3 Qe7 5. Bd3 d6 6. Ne2 Bxc3+ 7. Nxc3 e5 8. O-O
O-O 9. Qc2 Nc6 10. d5 Nb4 11. Qe2 Nxd3 12. Qxd3 Nd7 13. e4 f5 14. b4 f4 15. f3
Kh8 16. Rb1 a6 17. a4 b6 18. Bd2 g5 19. Be1 Rg8 20. Bf2 g4 21. Be1 Qg5 22. Rb2
Nf6 23. a5 gxf3 24. Rxf3 Bg4 25. Rf1 Qh5 26. axb6 cxb6 27. Na4 Rab8 28. Rff2 Bd7
29. Nc3 Ng4 30. h3 Nxf2 31. Bxf2 Qxh3 32. Qxh3 Bxh3 33. Bh4 Rg6 34. Kh2 Bg4 35.
g3 fxg3+ 36. Bxg3 Rbg8 37. c5 bxc5 38. bxc5 Bf3 39. Bh4 Rh6 40. Kh3 dxc5 41. Rb7
Bg2+ 42. Kh2 Rxh4+ 43. Kg1 Bxe4+ 44. Kf2 Rg2+ 45. Ke3 Rg3+ 46. Kd2 Rh2+ 47. Ne2
Rgg2 0-1

[Event "Women's Speed Chess Q2"]
[Site "chess.com INT"]
[Date "2020.06.19"]
[Round "9"]
[White "Petrova, Irina"]
[Black "Yip, Carissa"]
[Result "0-1"]
[WhiteTitle "WIM"]
[BlackTitle "IM"]
[WhiteElo "2087"]
[BlackElo "2420"]
[WhiteFideId "14124122"]
[BlackFideId "2090732"]
[EventDate "2020.06.19"]

1. d4 g6 2. e4 Bg7 3. Nc3 d6 4. Be3 c6 5. a4 Nd7 6. Bd3 Ngf6 7. h3 O-O 8. Nf3 e5
9. O-O exd4 10. Nxd4 Re8 11. Bc4 Nxe4 12. Nxe4 Rxe4 13. Qf3 d5 14. Bd3 Rxd4 15.
Bxd4 Bxd4 16. c3 Bg7 17. Rfe1 Ne5 18. Qe2 Be6 19. Bc2 Qg5 20. Kh1 Nc4 21. Bd3 h5
22. Rad1 Re8 23. Qf1 Nxb2 24. f4 Qf6 25. Rb1 Qxc3 26. Rxb2 Qxb2 27. f5 gxf5 28.
Bxf5 Qf6 0-1

[Event "Women's Speed Chess Q2"]
[Site "chess.com INT"]
[Date "2020.06.19"]
[Round "9"]
[White "Arabidze, Meri"]
[Black "Daulyte-Cornette, Deimante"]
[Result "1-0"]
[WhiteTitle "IM"]
[BlackTitle "IM"]
[WhiteElo "2428"]
[BlackElo "2400"]
[WhiteFideId "13604040"]
[BlackFideId "12802859"]
[EventDate "2020.06.19"]

1. d4 Nf6 2. c4 b6 3. Nf3 e6 4. Nc3 Bb4 5. e3 Bb7 6. Bd3 O-O 7. O-O d5 8. cxd5
exd5 9. Ne5 Bd6 10. f4 c5 11. Qf3 Nc6 12. Qh3 cxd4 13. Nxc6 Bxc6 14. exd4 Ne4
15. f5 Qf6 16. Be3 Rfe8 17. Rae1 h6 18. Qh5 Re7 19. Bb5 Bb7 20. Ba4 a6 21. Bb3
Nxc3 22. bxc3 Rae8 23. Bd2 Rxe1 24. Bxe1 b5 25. Bh4 g5 26. fxg6 Qxg6 27. Qxg6+
fxg6 28. Rf6 Be7 29. Rxg6+ Kh7 30. Re6 Bxh4 31. Rxe8 a5 32. Rb8 a4 33. Rxb7+ 1-0

[Event "Women's Speed Chess Q2"]
[Site "chess.com INT"]
[Date "2020.06.19"]
[Round "9"]
[White "Goryachkina, Aleksandra"]
[Black "Ambartsumova, Karina"]
[Result "1/2-1/2"]
[WhiteTitle "GM"]
[BlackTitle "IM"]
[WhiteElo "2582"]
[BlackElo "2371"]
[WhiteFideId "4147103"]
[BlackFideId "4166299"]
[EventDate "2020.06.19"]

1. e4 c5 2. Nf3 e6 3. c3 Nf6 4. e5 Nd5 5. Bc4 d6 6. d4 cxd4 7. cxd4 Nc6 8. O-O
Be7 9. Bd2 O-O 10. Nc3 dxe5 11. dxe5 a6 12. Nxd5 exd5 13. Bd3 Be6 14. h3 Rc8 15.
a3 Qd7 16. Qe2 Bf5 17. Rad1 Rfd8 18. Rfe1 h6 19. Bc3 Bxd3 20. Rxd3 Qe6 21. Red1
Rd7 22. Qd2 Rcd8 23. Qf4 Rc8 24. Qd2 Rcd8 25. Qf4 Rc8 26. Qd2 1/2-1/2

[Event "Women's Speed Chess Q2"]
[Site "chess.com INT"]
[Date "2020.06.19"]
[Round "9"]
[White "Mammadova, Gulnar"]
[Black "Kirchei, Viktoriia"]
[Result "1-0"]
[WhiteTitle "IM"]
[BlackTitle "WFM"]
[WhiteElo "2382"]
[BlackElo "2207"]
[WhiteFideId "13403508"]
[BlackFideId "34133396"]
[EventDate "2020.06.19"]

1. e4 c5 2. Nf3 Nc6 3. b3 d6 4. Bb2 Nf6 5. Nc3 g6 6. Bc4 Bg7 7. O-O O-O 8. Re1
e6 9. d4 d5 10. exd5 exd5 11. Bb5 Nxd4 12. Nxd4 cxd4 13. Ne2 Bg4 14. Bxd4 a6 15.
Bd3 Re8 16. f3 Bd7 17. Qd2 Qc7 18. Ng3 Bc6 19. Qc3 Rad8 20. Bxf6 Qb6+ 21. Kf1 d4
22. Bxd8 Rxd8 23. Qd2 Bb5 24. Bxb5 1-0

[Event "Women's Speed Chess Q2"]
[Site "chess.com INT"]
[Date "2020.06.19"]
[Round "9"]
[White "Perez Rodriguez, Jennifer"]
[Black "Doluhanova, Evgeniya"]
[Result "1-0"]
[WhiteTitle "WIM"]
[BlackTitle "WGM"]
[WhiteElo "2251"]
[BlackElo "2229"]
[WhiteFideId "3507831"]
[BlackFideId "14112035"]
[EventDate "2020.06.19"]

1. e4 e5 2. Nc3 Nc6 3. f4 g6 4. fxe5 Nxe5 5. d4 Nc6 6. Nf3 Bg7 7. Bc4 d6 8. O-O
f5 9. Ng5 Nh6 10. exf5 Bxd4+ 11. Kh1 Bxf5 12. Ne6 Bxe6 13. Bxe6 Qe7 14. Nd5 Qh4
15. Nxc7+ Ke7 16. Bxh6 Qxh6 17. Rf7+ Kd8 18. Nxa8 Be5 19. Rd7+ Kc8 20. Rxh7+ 1-0

[Event "Women's Speed Chess Q2"]
[Site "chess.com INT"]
[Date "2020.06.19"]
[Round "9"]
[White "Zawadzka, Jolanta"]
[Black "Osmanodja, Filiz"]
[Result "0-1"]
[WhiteTitle "WGM"]
[BlackTitle "WGM"]
[WhiteElo "2419"]
[BlackElo "2293"]
[WhiteFideId "1122320"]
[BlackFideId "24633569"]
[EventDate "2020.06.19"]

1. e4 c5 2. Nf3 d6 3. Bb5+ Nc6 4. O-O Nf6 5. Re1 Bd7 6. c3 a6 7. Bf1 Bg4 8. h3
Bxf3 9. Qxf3 g6 10. d3 Bg7 11. Be3 O-O 12. Nd2 Nd7 13. Qd1 f5 14. exf5 gxf5 15.
f4 Kh8 16. Nf3 e5 17. Ng5 Qf6 18. Qh5 h6 19. Nf3 e4 20. dxe4 fxe4 21. Nh4 Ne7
22. Rad1 d5 23. Rxd5 Nxd5 24. Qxd5 Qxh4 25. Bf2 Qe7 26. Rxe4 Qf7 27. Qxb7 Rab8
28. Qxa6 Rxb2 29. Bc4 Qf5 30. Qc6 Nf6 31. g4 Qxe4 0-1

[Event "Women's Speed Chess Q2"]
[Site "chess.com INT"]
[Date "2020.06.19"]
[Round "9"]
[White "Sudakova, Irina"]
[Black "Lahav, Michal"]
[Result "0-1"]
[WhiteTitle "WGM"]
[BlackTitle "WIM"]
[WhiteElo "2288"]
[BlackElo "2219"]
[WhiteFideId "4129903"]
[BlackFideId "2813742"]
[EventDate "2020.06.19"]

1. e4 e6 2. d4 d5 3. Bd3 Nf6 4. e5 Nfd7 5. f4 c5 6. c3 Nc6 7. Nf3 Qb6 8. Bc2
cxd4 9. cxd4 Nb4 10. O-O Nxc2 11. Qxc2 Qc6 12. Nc3 b5 13. a3 a5 14. f5 Ba6 15.
fxe6 fxe6 16. Ng5 b4 17. Nxh7 Bxf1 18. Qg6+ Kd8 19. Bg5+ Kc7 20. Rxf1 bxc3 21.
bxc3 Bxa3 22. Qxg7 Rag8 23. Qf7 Bb2 24. Bf6 a4 25. Bxh8 Rxh8 26. Qg7 Ra8 27. Nf8
Rxf8 28. Rxf8 Bxc3 29. Rf4 a3 30. h4 a2 0-1

[Event "Women's Speed Chess Q2"]
[Site "chess.com INT"]
[Date "2020.06.19"]
[Round "9"]
[White "Zavivaeva, Evelina"]
[Black "Maklakova, Nellija"]
[Result "1-0"]
[WhiteTitle "WCM"]
[WhiteElo "1619"]
[BlackElo "1833"]
[WhiteFideId "44127839"]
[BlackFideId "11603470"]
[EventDate "2020.06.19"]

1. e4 e6 2. Nf3 d5 3. exd5 exd5 4. d4 Bd6 5. Be2 Ne7 6. O-O O-O 7. Bg5 f6 8. Bh4
Ng6 9. Bg3 c6 10. c3 Bxg3 11. hxg3 Nd7 12. Nbd2 b6 13. Re1 c5 14. c4 dxc4 15.
Bxc4+ Kh8 16. dxc5 Nxc5 17. Ne4 Nxe4 18. Rxe4 Bb7 19. Re3 Rc8 20. Bb3 Bxf3 21.
Rxf3 Ne5 22. Rc3 Rxc3 23. bxc3 Qc7 24. Qd2 Rd8 25. Qe3 Rd3 26. Qe1 Rxc3 27. Rd1
h6 28. Rd8+ Qxd8 29. Qxc3 Ng4 30. Qf3 Qc8 31. Qd1 Qc5 32. Qxg4 Qc1+ 33. Qd1 1-0

[Event "Women's Speed Chess Q2"]
[Site "chess.com INT"]
[Date "2020.06.19"]
[Round "9"]
[White "Kiolbasa, Oliwia"]
[Black "Socko, Monika"]
[Result "0-1"]
[WhiteTitle "WIM"]
[BlackTitle "GM"]
[WhiteElo "2160"]
[BlackElo "2428"]
[WhiteFideId "1154613"]
[BlackFideId "1106619"]
[EventDate "2020.06.19"]

1. e4 e6 2. d4 d5 3. Nc3 Bb4 4. e5 Ne7 5. a3 Bxc3+ 6. bxc3 b6 7. Nf3 Ba6 8. Bd3
c5 9. O-O Bxd3 10. Qxd3 Nd7 11. a4 h6 12. Ba3 O-O 13. Rfd1 Rc8 14. Qe2 Re8 15.
dxc5 bxc5 16. c4 Qc7 17. cxd5 Nxd5 18. Qd2 Nxe5 19. Nxe5 Qxe5 20. c4 Nf4 21. Bb2
Qg5 22. f3 Rcd8 23. Qc2 Qg6 24. Qxg6 Nxg6 25. Kf2 Nf4 26. g3 Nd3+ 0-1

[Event "Women's Speed Chess Q2"]
[Site "chess.com INT"]
[Date "2020.06.19"]
[Round "9"]
[White "Babiy, Olga"]
[Black "Priyanka, K"]
[Result "1-0"]
[WhiteTitle "WGM"]
[BlackTitle "WIM"]
[WhiteElo "2228"]
[BlackElo "2218"]
[WhiteFideId "14117258"]
[BlackFideId "5082986"]
[EventDate "2020.06.19"]

1. e4 c5 2. Nf3 d6 3. d4 cxd4 4. Nxd4 Nf6 5. Nc3 a6 6. Be3 e5 7. Nb3 Be7 8. h3
h5 9. Be2 Be6 10. O-O Nbd7 11. Bd3 b5 12. f4 exf4 13. Bxf4 Ne5 14. Qd2 h4 15.
Rae1 Nh5 16. Nd5 Bxd5 17. exd5 Nxf4 18. Qxf4 O-O 19. Nd4 Bg5 20. Qe4 g6 21. Kh1
f5 22. Qe2 Qf6 23. Ne6 Rfe8 24. Qf2 Rxe6 25. dxe6 Qxe6 26. Qb6 Qd5 27. Rd1 Bd8
28. Qe3 Qc5 29. Qh6 Bf6 30. Bxf5 Bg7 31. Be6+ 1-0

[Event "Women's Speed Chess Q2"]
[Site "chess.com INT"]
[Date "2020.06.19"]
[Round "9"]
[White "Shpanko, Nadiia"]
[Black "Swati, Mohota"]
[Result "1-0"]
[WhiteTitle "WIM"]
[BlackTitle "WFM"]
[WhiteElo "2235"]
[BlackElo "2027"]
[WhiteFideId "14132400"]
[BlackFideId "5006511"]
[EventDate "2020.06.19"]

1. d4 d5 2. Nf3 Nf6 3. c4 e6 4. Nc3 c6 5. Bg5 h6 6. Bh4 dxc4 7. e4 g5 8. Bg3 b5
9. Qc2 Bb7 10. a4 a6 11. axb5 cxb5 12. d5 exd5 13. e5 Ne4 14. Nxe4 dxe4 15. Nd2
Bb4 16. O-O-O Qa5 17. Kb1 Nd7 18. Nxe4 O-O 19. Rxd7 Bxe4 20. Qxe4 Rad8 21. Rxd8
Rxd8 22. Bxc4 bxc4 23. e6 Rd2 24. exf7+ Kxf7 25. Qxc4+ Kg6 26. Qe6+ Kh5 27. Qf7+
Kg4 28. h3# 1-0

[Event "Women's Speed Chess Q2"]
[Site "chess.com INT"]
[Date "2020.06.19"]
[Round "9"]
[White "Andriasyan, Siranush"]
[Black "Fuentes Inzunza, Lesly"]
[Result "1-0"]
[WhiteTitle "WIM"]
[BlackTitle "WFM"]
[WhiteElo "2298"]
[BlackElo "1840"]
[WhiteFideId "13301926"]
[BlackFideId "3408205"]
[EventDate "2020.06.19"]

1. e4 c6 2. d4 d5 3. Nc3 dxe4 4. Nxe4 Nf6 5. Nxf6+ exf6 6. c3 Bd6 7. g3 O-O 8.
Bd3 Re8+ 9. Ne2 Bg4 10. Be3 Bf3 11. Rg1 Qd7 12. Qc2 h6 13. O-O-O b5 14. Bf5 Qc7
15. Rde1 Nd7 16. Nf4 Nb6 17. h4 Nc4 18. Bd3 Nxe3 19. fxe3 a5 20. Rgf1 Bg4 21.
Bf5 Bxf5 22. Qxf5 a4 23. Nh5 Qc8 24. Nxg7 Qxf5 25. Nxf5 Bc7 26. Nxh6+ Kg7 27.
Nf5+ Kg6 28. g4 Re4 29. Rg1 Rae8 30. h5+ Kh7 31. g5 fxg5 32. Rxg5 Rg8 33. Reg1
Rxg5 34. Rxg5 Rxe3 35. Nxe3 Bf4 36. Re5 Bxe5 37. dxe5 Kh6 38. Kd2 Kxh5 39. Kd3
Kg5 40. Kd4 Kf4 41. Ng2+ Kf5 42. Ne1 f6 43. exf6 Kxf6 44. Kc5 Ke5 45. Kxc6 Ke4
46. Kxb5 Ke3 47. Kxa4 Kd2 48. c4 Kxe1 49. c5 1-0

[Event "Women's Speed Chess Q2"]
[Site "chess.com INT"]
[Date "2020.06.19"]
[Round "9"]
[White "Nurmanova, Alua"]
[Black "Mkrtchian, Lilit"]
[Result "0-1"]
[WhiteTitle "WFM"]
[BlackTitle "IM"]
[WhiteElo "2026"]
[BlackElo "2388"]
[WhiteFideId "13729390"]
[BlackFideId "13300601"]
[EventDate "2020.06.19"]

1. e4 c5 2. Nf3 Nc6 3. d4 cxd4 4. Nxd4 e6 5. Nc3 d6 6. g3 Nf6 7. Bg2 Bd7 8. O-O
Be7 9. Kh1 O-O 10. f4 Nxd4 11. Qxd4 Bc6 12. Be3 Qc7 13. h3 e5 14. Qd2 b5 15.
fxe5 dxe5 16. Nd5 Bxd5 17. exd5 Rac8 18. c3 Nd7 19. Rad1 Bd6 20. Be4 g6 21. Bh6
f5 22. Bxf8 Rxf8 23. Bg2 Nf6 24. Qg5 Nh5 25. Rfe1 e4 26. g4 Ng3+ 27. Kg1 Bc5+
28. Kh2 Nf1+ 29. Kh1 Qh2# 0-1

[Event "Women's Speed Chess Q2"]
[Site "chess.com INT"]
[Date "2020.06.19"]
[Round "9"]
[White "Foisor, Sabina-Francesca"]
[Black "Sliwicka, Alicja"]
[Result "0-1"]
[WhiteTitle "WGM"]
[BlackTitle "WIM"]
[WhiteElo "2228"]
[BlackElo "2317"]
[WhiteFideId "1212915"]
[BlackFideId "1150677"]
[EventDate "2020.06.19"]

1. d4 Nf6 2. c4 c5 3. d5 b5 4. Qc2 bxc4 5. e4 d6 6. Nc3 g6 7. Nf3 Ba6 8. Bg5 Bg7
9. Nd2 O-O 10. Bxc4 Bxc4 11. Nxc4 Nbd7 12. O-O h6 13. Bh4 Nb6 14. Ne3 c4 15. f4
Nfd7 16. Nb5 a6 17. Nxd6 g5 18. Nxf7 Rxf7 19. fxg5 Rxf1+ 20. Rxf1 Ne5 21. Nf5 h5
22. Qe2 Qe8 23. Bg3 Nbd7 24. Nd4 Qg6 25. Ne6 Rc8 26. Nf4 Qxg5 27. Nxh5 Bh6 28.
Nf4 Nc5 29. Nh3 Qe3+ 30. Qxe3 Bxe3+ 31. Kh1 Ncd3 32. Rf3 Bd4 0-1